Eperjesi Villamvilágítási és Erőátviteli Részvénytársaság : az igazgatóság és a felügyelő-bizottság évi jelentése valamint a zárszámadás 1904. deczember 31-ről.

Uložené v:
Podrobná bibliografia
Médium: Kniha
Jazyk:Hungarian
Vydané: Eperjes : Kósch Árpád Könyvnyomtató-intézetéből, 1905.
Fyzický popis: 11 strán.
Tagy: Pridať tag
Žiadne tagy, Buďte prvý kto otaguje tento záznam!

MARC

LEADER 00000nam a22000002i 4500
001 000647828
005 20210906094000.0
008 200504s1905 xo e 000 0 hun d
020 |q (brožované) 
040 |a SVKKK  |b slo  |c SVKKK  |e rda 
245 0 0 |a Eperjesi Villamvilágítási és Erőátviteli Részvénytársaság :  |b az igazgatóság és a felügyelő-bizottság évi jelentése valamint a zárszámadás 1904. deczember 31-ről. 
264 1 |a Eperjes :  |b Kósch Árpád Könyvnyomtató-intézetéből,  |c 1905. 
300 |a 11 strán. 
336 |a text  |b txt  |2 rdacontent 
337 |a bez média  |b n  |2 rdamedia 
338 |a zväzok  |b nc  |2 rdacarrier 
500 |a Záznam revízie 
910 |a svkkk 
998 |a BK 
090 |g SCKHL  |k HIS - študovňa  |a V.101578  |j 211894  |i 2720800050  |s Príručka / Študovňa